LIBRARY ONLINE CATALOGUE

Stakeholders' Evaluation Report on the Performance of the Political Parties Disputes Tribunal in the 2017 Party Nominations (Record no. 20305)

MARC details
000 -LEADER
fixed length control field 00425nam a22001457a 4500
003 - CONTROL NUMBER IDENTIFIER
control field OSt
005 - DATE AND TIME OF LATEST TRANSACTION
control field 20230919100250.0
008 - FIXED-LENGTH DATA ELEMENTS--GENERAL INFORMATION
fixed length control field 230919b |||||||| |||| 00| 0 eng d
020 ## - INTERNATIONAL STANDARD BOOK NUMBER
International Standard Book Number 9966958428
040 ## - CATALOGING SOURCE
Transcribing agency KABU
245 ## - TITLE STATEMENT
Title Stakeholders' Evaluation Report on the Performance of the Political Parties Disputes Tribunal in the 2017 Party Nominations
260 ## - PUBLICATION, DISTRIBUTION, ETC. (IMPRINT)
Place of publication, distribution, etc. Nairobi
Name of publisher, distributor, etc. ICJ
Date of publication, distribution, etc. 2019
300 ## - PHYSICAL DESCRIPTION
Extent vi, 60p.
942 ## - ADDED ENTRY ELEMENTS (KOHA)
Source of classification or shelving scheme Library of Congress Classification
Koha item type General Collection

No items available.